| 000 | 00779nas a2200253 4500 | ||
|---|---|---|---|
| 001 | BR0706206 | ||
| 003 | BR-BrBNA | ||
| 005 | 20231205111312.0 | ||
| 007 | ta | ||
| 008 | 230509b bl.|||p| |||| 00| 00por d | ||
| 040 |
_aBR-BrBNA _bpor _cBiblioteca Nacional de Agricultura |
||
| 041 | _a(Pt) | ||
| 072 | _aL50; L53 | ||
| 100 | 1 | _aBatalha, L.M. | |
| 100 | 1 | _aOba, E. | |
| 245 | 1 | _aCaracterização morfométrica e morfológica de célula espermática de capivara (Hydrochoerus hydrochaeris) | |
| 650 | _aCAPIVARA | ||
| 650 | _aCÉLULA | ||
| 650 | _aESPERMA | ||
| 650 | _aMORFOLOGIA ANIMAL | ||
| 773 | 0 |
_tArchives of Veterinary Science (Brazil) _xISSN 1517-784X _g(2006), v. 11(1) p. 66-72 _wBR0706206 |
|
| 909 |
_a202311 _bLúcia _c55 _dLúcia Elande |
||
| 942 |
_2AGRIS _n0 _cANA |
||
| 999 |
_c191927 _d191927 |
||